| 000 | 00872nam2a2200229 4500 | ||
|---|---|---|---|
| 001 | RU\NLR\b_ik\97089 | ||
| 005 | 20250616224938.0 | ||
| 010 |
_a5-900814-42-4 _9300 |
||
| 035 | _a(NLR Aleph) 002171043 | ||
| 090 |
_a2654846 _c2654846 |
||
| 100 | _a20030417d2002 |||y0rusy50 ca | ||
| 101 | 0 | _aeng | |
| 102 | _aRU | ||
| 105 | _aac ||||||||| | ||
| 200 | 0 | _a... 2002 | |
| 210 |
_dcop. 2002 _aÐ. м. |
||
| 215 |
_a55 Ñ. _cÑв. ил., поÑÑÑ. |
||
| 461 | 0 |
_1001RU\NLR\b_ik\98034 _12001#$aBudget of St. Petersburg for ...$eSummary$fFinancial comm. of St. Petersburg administration$g[Auth.: Sergey Demin et al.]$v... 2002$90 _92666778 _cSt. Petersburg _dcop. 1998 _fFinancial comm. of St. Petersburg administration _nLeontief centre _oSummary _tBudget of St. Petersburg for ... _v... 2002$90 |
|
| 801 | 0 |
_aRU _bNLR _c20030417 _gPSBO |
|
| 942 | _cBOOK | ||
| 980 | _aNB | ||